| 000 | 00866nam a22002057a 4500 | ||
|---|---|---|---|
| 999 |
_c19312 _d19312 |
||
| 003 | AR-CdUCM | ||
| 008 | 190517b ||||| |||| 00| 0 spa d | ||
| 040 |
_aMUNICIPALIDAD PROVINCIAL DEL CUSCO _cBIBLIOTECA MUNICIPAL DEL CUSCO |
||
| 082 |
_a376.9 / _bA91 |
||
| 100 |
_aAvellaneda, Justo _940580 |
||
| 245 | _aPlaneamiento de la educación peruana / | ||
| 260 |
_aLima : _bEducación y Vida, _c1963. |
||
| 300 |
_a300 páginas ; _c21 cm. |
||
| 505 | _aContenido: Significado y alcance del planteamiento educativo -- La dirección técnica de la educación y el planteamiento educativo -- El pliego de educación en el presupuesto de la república -- Política presupuestal y organizaión del ramo de educación... | ||
| 650 |
_aEducación _9460 |
||
| 650 |
_aPlanes y programas _93592 |
||
| 650 |
_aPerú _935 |
||
| 942 |
_2ddc _cLIBROS |
||
| 945 |
_aacv _d2019-05-17 |
||